| 000 | 01193cam a22002651i 4500 | ||
|---|---|---|---|
| 003 | SA-RiAUC | ||
| 005 | 20250728040505.0 | ||
| 008 | 250726s1994 su g 00010 ara c | ||
| 020 | _a9770092584 | ||
| 040 |
_aSA-RiKAPL _bara _cSA-RiAUC _erda |
||
| 043 | _aa-su--- | ||
| 082 | 0 | 4 | _a953.122 |
| 090 |
_a953.122 _bا ب ن ج |
||
| 100 | 1 |
_aابن الجوزي، عبد الرحمن بن علي بن محمد، _d508-597 هجري _eمؤلف. |
|
| 245 | 1 | 0 |
_aأبواب ذكر مدينة الرسول صلى الله عليه وسلم / _cأبو الفرج عبد الرحمن بن الجوزي ؛ تحقيق مرزوق علي إبراهيم. |
| 264 | 1 |
_aالمدينة المنورة : _bدار البخاري للنشر والتوزيع، _c1993. |
|
| 300 |
_a118 صفحة ؛ _c24 سم |
||
| 336 |
_aنص _btxt _2rdacontent _3كتاب |
||
| 337 |
_aبدون وسيط _bn _2rdamedia |
||
| 338 |
_aمجلد _bnc _2rdacarrier |
||
| 651 | 7 |
_aالمدينة المنورة _xتاريخ _yعصر صدر الإسلام، 13 قبل الهجرة-41 هجري. _2aucsh |
|
| 700 | 1 |
_aإبراهيم، مرزوق علي _eمحقق. |
|
| 942 |
_2ddc _cBOOK _n0 |
||
| 949 |
_aSA-JeALM _d250726 _umohamedma123 _n1 |
||
| 999 |
_c10345 _d10345 |
||